Statistiques concernant Les sept Nains

Cliquez ici pour prendre le quiz!

Statistiques générales

  • Ce quiz a été pris 42 336 fois
  • Le résultat moyen est 5 sur 7

Statistiques - réponses

Nain% Correct
Grincheux
91%
Simplet
81%
Atchoum
77%
Prof
75%
Dormeur
71%
Joyeux
63%
Timide
58%

Distribution des résultats

Percentile par nombre de réponses

% des personnes avec chaque résultat

Votre développement - résultats

Vous n’avez pas pris ce quiz